000 00300nam a22001337a 4500
008 181107b xxu||||| |||| 00| 0 eng d
020 _a03760
041 _aeng
080 _a004
100 _a28
101 _aSHKI
245 _aDigital Logic and Computer Operations
_cBaron, R.C
942 _2udc
_cBK
999 _c52236
_d52236